World economy

The book explores the workingsof the world economy in three main ways. The introductory section sets the modern world economy in its historical context, paying particular attention to the economic effects of European expansionism and imperialism after 1492. The main body of the book goes on to exami...

Popoln opis

Shranjeno v:
Bibliografske podrobnosti
Glavni avtor: Stuart Corbridge
Format: Knjiga
Jezik:Undetermined
Izdano: New York Oxford Univ 1993
Teme:
Oznake: Označite
Brez oznak, prvi označite!
Thư viện lưu trữ: Trung tâm Học liệu Trường Đại học Cần Thơ
LEADER 00958nam a2200181Ia 4500
001 CTU_18319
008 210402s9999 xx 000 0 und d
082 |a 330.9 
082 |b C789 
100 |a Stuart Corbridge 
245 0 |a World economy 
245 0 |c Stuart Corbridge 
260 |a New York 
260 |b Oxford Univ 
260 |c 1993 
520 |a The book explores the workingsof the world economy in three main ways. The introductory section sets the modern world economy in its historical context, paying particular attention to the economic effects of European expansionism and imperialism after 1492. The main body of the book goes on to examine the workings of the contemporary world economy in 22 of its constituent regions. A third way is to explore the human dimensions of apparently abstract economic actions, theories and ideologies 
650 |a economic history - encyclopedias 
980 |a Trung tâm Học liệu Trường Đại học Cần Thơ